Đang tải...
Operations management :an integrated approach/
| Tác giả khác: | , |
|---|---|
| Định dạng: | Printed Book |
| Được phát hành: |
Cambridge, ; New York :
Cambridge University Press,
2008.
|
| Những chủ đề: | |
| Truy cập trực tuyến: | http://www.loc.gov/catdir/enhancements/fy0834/2008008415-b.html http://www.loc.gov/catdir/enhancements/fy0834/2008008415-d.html http://www.loc.gov/catdir/enhancements/fy0834/2008008415-t.html |
| LEADER | 00900nam a22002177a 4500 | ||
|---|---|---|---|
| 020 | |a 978-0-521-25894-4 | ||
| 082 | 0 | 0 | |a 658.5 |b OPE |
| 245 | 0 | 0 | |a Operations management :an integrated approach/ |
| 260 | |a Cambridge, ; |a New York : |b Cambridge University Press, |c 2008. | ||
| 300 | |a xxv, 550 p. : |b ill., map ; | ||
| 650 | 0 | |a Production management | |
| 650 | 0 | |a Process control. | |
| 650 | 0 | |a Industrial management | |
| 700 | 1 | |a Samson, Danny. | |
| 700 | 1 | |a Singh, Prakash, | |
| 856 | 4 | 2 | |u http://www.loc.gov/catdir/enhancements/fy0834/2008008415-b.html |
| 856 | 4 | 2 | |u http://www.loc.gov/catdir/enhancements/fy0834/2008008415-d.html |
| 856 | 4 | 1 | |u http://www.loc.gov/catdir/enhancements/fy0834/2008008415-t.html |
| 942 | |c BK | ||
| 999 | |c 51403 |d 51403 | ||
| 952 | |0 0 |1 0 |4 0 |6 658_500000000000000_OPE |7 0 |9 64826 |a KU |b KU |d 2018-05-23 |e Ad.D2/5736/2013 dtd.24/11/2017 |g 695.00 |l 0 |o 658.5 OPE |p MB07440 |r 2018-05-23 |w 2018-05-23 |y BK | ||